[Event "ch-BLR w"]
[Site "Minsk BLR"]
[Date "2011.01.20"]
[Round "5.1"]
[White "Kusenkova,Natal"]
[Black "Stetsko,L"]
[Result "1/2-1/2"]
[WhiteElo "2026"]
[BlackElo "2142"]

1.e4 e5 2.Nf3 Nc6 3.Bb5 a6 4.Ba4 Nf6 5.O-O Be7 6.Re1 b5 7.Bb3 d6 8.c3 O-O
9.h3 Nb8 10.d4 Nbd7 11.Nbd2 Bb7 12.Bc2 Re8 13.Nf1 Bf8 14.Ng3 g6 15.a4 c5
16.d5 c4 17.Bg5 h6 18.Be3 Nc5 19.Qd2 h5 20.Bg5 Be7 21.Ra3 Nh7 22.Bxe7 Qxe7
23.Rea1 h4 24.Nf1 Nf6 25.Qe1 Nh5 26.axb5 axb5 27.Rxa8 Rxa8 28.Rxa8+ Bxa8
29.Qa1 Bb7 30.Qa5 Qd7 31.Nxh4 Nf4 32.Nd2 Kg7 33.b3 cxb3 34.Nxb3 Na4 35.Nc1 Nb2
36.Qb4 Nc4 37.Nd3 Nxh3+ 38.gxh3 Qxh3 39.Ng2 Bc8 40.Qxb5 Nd2 41.Bd1 Nxe4 42.Nb2 Nxc3
43.Qc6 Ne4 44.Nc4 Bd7 45.Qb6 Qd3 46.Nce3 Qd2 47.f3 Qf2+ 48.Kh2 Qg3+ 49.Kg1 Ng5
50.Qxd6 Nh3+ 51.Kh1 Nf2+ 52.Kg1 Bh3 53.Be2 Bxg2 54.Nxg2 Nh3+ 55.Kh1 Nf2+  1/2-1/2

[Event "Belgrade Individual 2011"]
[Site "Belgrade SRB"]
[Date "2011.01.23"]
[Round "2.12"]
[White "Andrijevic,M"]
[Black "Starcevic,G"]
[Result "1-0"]
[WhiteElo "2342"]
[BlackElo "2149"]

1.e4 e5 2.Nf3 Nc6 3.Bb5 a6 4.Ba4 Nf6 5.O-O Be7 6.Re1 b5 7.Bb3 d6 8.c3 O-O
9.h3 Nb8 10.d4 Nbd7 11.Nbd2 Bb7 12.Bc2 Re8 13.Nf1 Bf8 14.Ng3 g6 15.a4 Bg7
16.d5 Qb8 17.b3 c6 18.c4 bxc4 19.bxc4 a5 20.Ba3 Bf8 21.Rb1 Qc7 22.Bd3 Ba6
23.Re2 Rab8 24.Reb2 cxd5 25.cxd5 Bxd3 26.Qxd3 Rxb2 27.Rxb2 Nb6 28.Rc2 Qd7
29.Rc6 Nc8 30.Qc2 Qd8 31.Bc1 Nd7 32.Bg5 f6 33.Be3 Nb8 34.Rc3 Na6 35.Qd3 Nc5
36.Bxc5 dxc5 37.Nd2 Qd7 38.Nb3 Qxa4 39.Nxc5 Qd4 40.Qc2 Nd6 41.Ne6 Qb4 42.Rc7 Nb5
43.Rb7 Qc3 44.Qa4 Nd6 45.Rc7 Qe1+ 46.Kh2 Qxf2 47.Qd7 Be7 48.Rc6 Qxg3+ 49.Kxg3 Nxe4+
50.Kh2  1-0

[Event "ch-BLR w"]
[Site "Minsk BLR"]
[Date "2011.01.23"]
[Round "8.5"]
[White "Stetsko,L"]
[Black "Homiakova,El"]
[Result "1/2-1/2"]
[WhiteElo "2142"]
[BlackElo "2157"]

1.e4 e5 2.Nf3 Nc6 3.Bb5 a6 4.Ba4 Nf6 5.O-O Be7 6.Re1 b5 7.Bb3 d6 8.c3 O-O
9.h3 Nb8 10.d4 Nbd7 11.Nbd2 Bb7 12.Bc2 Re8 13.a4 c5 14.d5 c4 15.Nf1 Bf8 16.Be3 Nc5
17.Ng3 g6 18.Qd2 Nfd7 19.Bh6 Bxh6 20.Qxh6 Qf6 21.Nf1 Nb6 22.a5 Nc8 23.Ne3 Qg7
24.Qh4 f6 25.Nd2 Ne7 26.f4 g5 27.fxg5 fxg5 28.Qh5 Rf8 29.Rf1 Nd7 30.Qg4 Nc5
31.Qh5 Kh8 32.Ng4 Ng8 33.Nf3 Nf6 34.Nxf6 Rxf6 35.Nxg5 Raf8 36.Rxf6 Rxf6 37.Rf1 Rxf1+
38.Kxf1 Qf6+ 39.Kg1 h6 40.Nf3 Kg7 41.Qg4+ Kf7 42.Nh4 Bc8 43.Nf5 Bxf5 44.exf5 Qg5
45.Qxg5 hxg5 46.Kf2 Kf6 47.g4 e4 48.Kg3 Ke5 49.h4 gxh4+ 50.Kxh4 Nd3 51.Kg5 e3
52.Bd1 Nf2 53.Bf3 Nh3+ 54.Kg6 Nf4+ 55.Kg7 Nxd5 56.Bxd5 e2 57.f6 e1=Q 58.f7 Qh4
59.f8=Q Qxg4+ 60.Kh6 Qh3+ 61.Kg7 Qg3+ 62.Kh6 Qe3+ 63.Kh5 Qh3+ 64.Kg5 Qg3+
65.Kh5 Kxd5 66.Qa8+ Ke5 67.Qe8+ Kf4 68.Qf7+ Ke4 69.Qb7+ Kf4 70.Qf7+ Ke3 71.Qa7+ Kd2
72.Qxa6 Qe5+ 73.Kg6 Qe6+ 74.Kg7 Qe7+ 75.Kg6 Qe8+ 76.Kg7 Qe7+ 77.Kg6 Qe6+
78.Kg7  1/2-1/2

[Event "Oceania Zonal"]
[Site "Rotorua NZL"]
[Date "2011.01.25"]
[Round "1.11"]
[White "Ikeda,J"]
[Black "Nyberg,M"]
[Result "1-0"]
[WhiteElo "2262"]
[BlackElo "1969"]

1.e4 e5 2.Nf3 Nc6 3.Bb5 a6 4.Ba4 Nf6 5.O-O b5 6.Bb3 Be7 7.Re1 d6 8.c3 O-O
9.h3 Nb8 10.d4 Nbd7 11.Nbd2 Bb7 12.Bc2 c6 13.a4 Re8 14.Nf1 Bf8 15.g4 g6 16.Ng3 Nb6
17.a5 Nbd7 18.g5 exd4 19.cxd4 Bg7 20.gxf6 Bxf6 21.h4 c5 22.dxc5 Nxc5 23.Qd2 Rc8
24.h5 Ne6 25.Bb3 Nc5 26.Bd5 Bxd5 27.Qxd5 Na4 28.hxg6 hxg6 29.Kg2 Nxb2 30.e5 Rc5
31.Qb3 Na4 32.exf6 Rxe1 33.Nxe1 Qxf6 34.Rb1 Qh4 35.Nf3 Qg4 36.Qe3 Rc3 37.Qf4 Rc4
38.Qxd6 Rc3 39.Qd8+  1-0

[Event "ch-TUR"]
[Site "Kemer-Antalya TUR"]
[Date "2011.02.05"]
[Round "1"]
[White "Ali Marandi,C"]
[Black "Yargici,M"]
[Result "1/2-1/2"]
[WhiteElo "2180"]
[BlackElo "1905"]

1.e4 e5 2.Nf3 Nc6 3.Bb5 a6 4.Ba4 Nf6 5.O-O Be7 6.Re1 b5 7.Bb3 d6 8.c3 O-O
9.h3 Nb8 10.d4 Nbd7 11.Nbd2 Bb7 12.Bc2 Re8 13.Nf1 Bf8 14.Bg5 h6 15.Bh4 g6
16.N1h2 Bg7 17.Ng4 h5 18.Nxf6+ Bxf6 19.Bg3 c5 20.Qd2 Qb6 21.Rad1 Rad8 22.d5 c4
23.Bh4 Bxh4 24.Nxh4 Rb8 25.Re3 Qd8 26.Nf3 Nc5 27.Nh2 a5 28.Rg3 Qh4 29.Re1 Kh7
30.Ree3 Bc8 31.Qd1 Rf8 32.Qe2 b4 33.Nf3 Qe7 34.Ng5+ Kg7 35.h4 bxc3 36.b3 cxb3
37.axb3 Nxb3 38.Bxb3 Rxb3 39.Rxc3 Rxc3 40.Rxc3 Bb7 41.Qc2 Rd8 42.Rf3 Rf8
43.Qa4 Bc8 44.Qxa5 f6 45.Nh3 Qb7 46.Kh2 Bxh3 47.Rxh3 Ra8 48.Qc3 Rc8 49.Qa3 Qb6
50.Re3 Kf7 51.Qa4 Rc7 52.Qa8 Kg7 53.Qe8 Rf7 54.Kh3 Qc7  1/2-1/2

[Event "ch-TUR"]
[Site "Kemer-Antalya TUR"]
[Date "2011.02.06"]
[Round "3"]
[White "Hatipoglu,M"]
[Black "Yargici,M"]
[Result "1-0"]
[WhiteElo "1863"]
[BlackElo "1905"]

1.e4 e5 2.Nf3 Nc6 3.Bb5 a6 4.Ba4 Nf6 5.O-O Be7 6.Re1 b5 7.Bb3 d6 8.c3 O-O
9.h3 Nb8 10.d4 Nbd7 11.Nbd2 Bb7 12.a4 h6 13.Bc2 Re8 14.Nf1 Bf8 15.Ng3 g6
16.Nh2 Bg7 17.f4 exf4 18.Bxf4 Nf8 19.Ng4 Kh7 20.Bd2 Ne6 21.Rf1 Nxg4 22.Qxg4 Kg8
23.Rae1 c5 24.e5 Re7 25.exd6 Qxd6 26.Bxh6 cxd4 27.Nf5 gxf5 28.Qxf5 d3 29.Bxd3 Nf8
30.Bxg7 Kxg7 31.Qg5+ Ng6 32.Bxg6 f6 33.Qg4 Rg8 34.Rxe7+ Qxe7 35.h4 Bc8 36.Bf5+ Kf8
37.Qf4 Bb7 38.g4 Qc5+ 39.Qd4 Qc6 40.Qd8+ Kf7 41.Qd7+ Qxd7 42.Bxd7 Rd8 43.Bf5 bxa4
44.g5 Rd2 45.Rf2 Rd1+ 46.Kh2 Rh1+ 47.Kg3 Rg1+ 48.Kf4 fxg5+ 49.hxg5 Bc6 50.Rh2 Rf1+
51.Ke5 Re1+ 52.Kd6 Bb5 53.Rh7+ Kg8 54.g6 Bc4 55.Rc7 Bb3 56.c4 Rg1 57.Be6+ Kf8
58.Rf7+ Ke8 59.Bd7+  1-0

[Event "ch-TUR"]
[Site "Kemer-Antalya TUR"]
[Date "2011.02.08"]
[Round "5"]
[White "Aktas,I"]
[Black "Bozkurt,I"]
[Result "0-1"]
[WhiteElo "1986"]
[BlackElo "2109"]

1.e4 e5 2.Nf3 Nc6 3.Bb5 a6 4.Ba4 Nf6 5.O-O Be7 6.Re1 b5 7.Bb3 d6 8.c3 O-O
9.h3 Nb8 10.d4 Nbd7 11.Nbd2 Bb7 12.Bc2 Re8 13.Nf1 Bf8 14.Ng3 g6 15.a4 Bg7
16.Ra3 c6 17.Bg5 h6 18.Be3 Qc7 19.Nh4 Nb6 20.Qf3 Nc4 21.Ra2 Nxe3 22.fxe3 Rad8
23.Ngf5 gxf5 24.Nxf5 Bc8 25.Nxh6+ Bxh6 26.Qxf6 Bg7 27.Qh4 Qe7 28.Qh5 Be6
29.Raa1 Qf6 30.axb5 axb5 31.Ra6 Rc8 32.Rf1 Qh6 33.Qf3 Rc7 34.Rb6 exd4 35.exd4 c5
36.Rxd6 cxd4 37.cxd4 Rxc2 38.d5 Qg6 39.dxe6 Rxe6 40.Rd8+ Kh7 41.Rd5 Rxb2
42.Rh5+ Kg8 43.Rf5 Rf6 44.Rc1 Rc6 45.Rxc6 Qxc6 46.Qg3 Qxe4 47.Rg5 Qd4+ 48.Kh2 Rb1
49.Qb8+ Kh7 50.Rf5 Qg1+ 51.Kg3 Rb3+ 52.Kh4 Qe1+ 53.g3 Rb4+ 54.Kh5 Qe6  0-1

[Event "G-TEAM Open"]
[Site "Novy Bor CZE"]
[Date "2011.02.17"]
[Round "7"]
[White "Dalecky,B"]
[Black "Vyprachticky,D"]
[Result "1/2-1/2"]
[WhiteElo "2153"]
[BlackElo "1980"]

1.e4 e5 2.Nf3 Nc6 3.Bb5 a6 4.Ba4 Nf6 5.O-O b5 6.Bb3 Be7 7.Re1 O-O 8.c3 d6
9.h3 Nb8 10.d4 Nbd7 11.Nbd2 Bb7 12.Bc2 Re8 13.Nf1 Bf8 14.Ng3 g6 15.Bd2 h6
16.a4 c5 17.axb5 axb5 18.Rxa8 Qxa8 19.d5 c4 20.Nf1 Nc5 21.Qb1 Bg7 22.N3h2 Nfd7
23.g4 Kh7 24.Ng3 Rg8 25.Qd1 Qd8 26.Kg2 Rh8 27.Qe2 Kg8 28.Rh1 Bc8 29.Nhf1 Qe7
30.Be3 Bf6 31.Nd2 Bg5 32.Nf3 Bxe3 33.Qxe3 Nf6 34.Nd2 h5 35.g5 Nfd7 36.Ra1 Ba6
37.b4 cxb3 38.Nxb3 h4 39.Nf1 Rh5 40.Nfd2 Rxg5+ 41.Kh2 f5 42.exf5 gxf5 43.f4 Rg3
44.Rg1 Rxg1 45.Qxg1+ Qg7 46.Qf2 Bb7 47.Nxc5 Nxc5 48.c4 bxc4 49.Nxc4 Bxd5
50.Nxd6 Ne4 51.Nxe4 Bxe4 52.Bxe4 fxe4 53.Qxh4 exf4 54.Qd8+ Qf8 55.Qg5+ Kh7  1/2-1/2

[Event "TCh-SVK Extraliga 2010-11"]
[Site "Slovakia SVK"]
[Date "2011.02.20"]
[Round "6.3"]
[White "Manik,M"]
[Black "Rachela,M"]
[Result "1-0"]
[WhiteElo "2389"]
[BlackElo "2395"]

1.e4 e5 2.Nf3 Nc6 3.Bb5 a6 4.Ba4 Nf6 5.O-O Be7 6.Re1 b5 7.Bb3 d6 8.c3 O-O
9.h3 Nb8 10.d4 Nbd7 11.Nbd2 Bb7 12.Bc2 Re8 13.b4 Bf8 14.Bb2 Nb6 15.a3 exd4
16.cxd4 Na4 17.Bxa4 bxa4 18.d5 c6 19.dxc6 Bxc6 20.Rc1 Bb5 21.Nd4 Nd7 22.Nc4 d5
23.exd5 Rxe1+ 24.Qxe1 Bxc4 25.Rxc4 Nb6 26.Rc6 Nxd5 27.Qe2 Qg5 28.h4 Qxh4
29.Nf5 Qf4 30.Nh6+ gxh6 31.Rc4 Re8 32.Qxe8 Qxc4 33.Qe5 Nc3 34.Bxc3 f5 35.Qh8+ Kf7
36.Qxh7+ Ke8 37.Qg6+ Kd8 38.Qxf5 Qxc3 39.Qxf8+ Kd7 40.Qf5+ Kd8 41.Qa5+  1-0

[Event "61st ch-RUS w 1st League"]
[Site "Ivanovo RUS"]
[Date "2011.02.23"]
[Round "3"]
[White "Yakupova,A"]
[Black "Sysoykina,L"]
[Result "0-1"]
[WhiteElo "2132"]
[BlackElo "1943"]

1.e4 e5 2.Nf3 Nc6 3.Bb5 a6 4.Ba4 Nf6 5.O-O Be7 6.Re1 b5 7.Bb3 d6 8.c3 O-O
9.h3 Nb8 10.d4 Nbd7 11.Nbd2 Bb7 12.Bc2 Re8 13.Nf1 Bf8 14.Ng3 g6 15.Bg5 h6
16.Bd2 Bg7 17.Qc1 Kh7 18.Nh2 c5 19.d5 c4 20.Be3 Rc8 21.Qd2 Nc5 22.Rf1 Rc7
23.Rae1 Bc8 24.f4 exf4 25.Rxf4 Rce7 26.Bxc5 dxc5 27.Ref1 Qd6 28.R1f2 Kg8
29.Nhf1 Nd7 30.Re2 Ne5 31.Rff2 Bd7 32.Qf4 b4 33.Qd2 a5 34.Re1 Bb5 35.Ne3 b3
36.axb3 cxb3 37.Bb1 a4 38.Ne2 Bf6 39.g3 Bg7 40.Rc1 Bd7 41.Kg2 Bc8 42.Nf4 Ba6
43.Rd1 Nd7 44.Rc1 Nf6 45.Bd3 c4 46.Bb1 Nxe4 47.Bxe4 Rxe4 48.Ng4 Bb7 49.Rd1 h5
50.Nh2 Bh6 51.Kg1 R4e5 52.Nf3 Re4 53.Nh4 Re3 54.Kh2 Bxf4 55.gxf4 Bc8 56.Ng2 Rxh3+
57.Kg1 Rd3 58.Qc1 Qxd5  0-1

[Event "TCh-CAT Div Hon"]
[Site "Barcelona ESP"]
[Date "2011.02.26"]
[Round "5"]
[White "Llaneza Vega,V"]
[Black "Lafuente,P"]
[Result "1/2-1/2"]
[WhiteElo "2008"]
[BlackElo "2561"]

1.e4 e5 2.Nf3 Nc6 3.Bb5 a6 4.Ba4 Nf6 5.O-O Be7 6.Re1 b5 7.Bb3 d6 8.c3 O-O
9.h3 Nb8 10.d4 Nbd7 11.Nbd2 Bb7 12.Bc2 Re8 13.Nf1 Bf8 14.Ng3 g6 15.a4 c5
16.d5 c4 17.Bg5 h6 18.Be3 Nc5 19.Qd2 h5 20.Bg5 Be7 21.Ra3 Nh7 22.Be3 Qc7
23.Rea1 Nf6 24.axb5 axb5 25.Qc1 Nfd7 26.Nf1 Rxa3 27.Rxa3 Ra8 28.Rxa8+ Bxa8
29.Qa1 Bb7 30.N3d2 Bd8 31.g4  1/2-1/2

[Event "Bunratty Masters"]
[Site "Bunratty IRL"]
[Date "2011.02.27"]
[Round "6"]
[White "Hunt,A"]
[Black "Kosten,A"]
[Result "0-1"]
[WhiteElo "2436"]
[BlackElo "2498"]

1.e4 e5 2.Nf3 Nc6 3.Bb5 a6 4.Ba4 Nf6 5.O-O Be7 6.Re1 b5 7.Bb3 d6 8.c3 O-O
9.h3 Nb8 10.d4 Nbd7 11.Nbd2 Bb7 12.Bc2 Re8 13.Nf1 Bf8 14.Ng3 c6 15.b3 Qc7
16.a4 g6 17.Bb2 Bg7 18.Qd2 d5 19.exd5 Nxd5 20.c4 bxc4 21.bxc4 N5b6 22.Bb3 c5
23.d5 Nc8 24.a5 Nd6 25.h4 Rab8 26.Qc2 Bc8 27.Bc3 f5 28.Re2 Qd8 29.Ng5 Nf8
30.Rae1 h6 31.Nf3 e4 32.Bxg7 Kxg7 33.Qc3+ Kh7 34.Nd2 Qxh4 35.Ngf1 Nd7 36.Ba4 Rf8
37.Bxd7 Bxd7 38.f3 Rbe8 39.fxe4 fxe4 40.Qe3 Bg4 41.Rf2 Qxf2+ 42.Qxf2 Rxf2
43.Kxf2 Bf5 44.g4 Bxg4 45.Rb1 Rf8+ 46.Kg3 Be2 47.Ne3 h5 48.Rb6 Rf6 49.Rxd6 Rxd6
50.Nxe4  0-1

[Event "TCh-Paulista"]
[Site "Sao Paolo BRA"]
[Date "2011.02.27"]
[Round "4.10"]
[White "Tsuboi,E"]
[Black "Gutierrez,Ce"]
[Result "1/2-1/2"]
[WhiteElo "2380"]
[BlackElo "2002"]

1.e4 e5 2.Nf3 Nc6 3.Bb5 a6 4.Ba4 Nf6 5.O-O b5 6.Bb3 Be7 7.Re1 O-O 8.c3 d6
9.h3 Nb8 10.d4 Nbd7 11.Nbd2 Bb7 12.Bc2 Re8 13.a4 Bf8 14.Bd3 bxa4 15.Qxa4 d5
16.exd5 exd4 17.Rxe8 Qxe8 18.Qxd4 Nxd5 19.Qe4 Qxe4 20.Nxe4 Nc5 21.Nxc5 Bxc5
22.Kf1 Re8 23.Ra2 Re6 24.Bf5 Rf6 25.Bd3 Nf4 26.Bxf4 Rxf4 27.b4 Bb6 28.Nd4 c5
29.bxc5 Bxc5 30.Bxa6 Bd5 31.Ra5 Bxd4 32.Rxd5 Rxf2+ 33.Ke1 Bb6 34.Rd6 Rb2
35.Bc4 Kf8 36.Rd7 Rxg2 37.Rxf7+ Ke8 38.Rb7 Be3 39.Bf7+ Kd8 40.c4 Rc2 41.Be6 Bh6
42.Bg8 Rc3 43.Bxh7 Rxc4 44.Bf5 Rc7 45.Rb8+ Ke7 46.Ke2 Rc3 47.Bd3 Kf6 48.Rb4 Ke5
49.Re4+ Kf6 50.Rg4  1/2-1/2

[Event "9th TCh-IND w 2011"]
[Site "Kochi IND"]
[Date "2011.02.28"]
[Round "7"]
[White "Minki,S"]
[Black "Vijayalakshmi,S"]
[Result "0-1"]
[WhiteElo "1880"]
[BlackElo "2454"]

1.e4 e5 2.Nf3 Nc6 3.Bb5 a6 4.Ba4 Nf6 5.O-O Be7 6.Re1 b5 7.Bb3 O-O 8.c3 d6
9.h3 Nb8 10.d4 Nbd7 11.Nbd2 Bb7 12.Bc2 Re8 13.Nf1 Bf8 14.Ng3 g6 15.Bg5 h6
16.Bc1 Bg7 17.b3 c6 18.Bb2 Qc7 19.a4 Rad8 20.Qd2 Nb6 21.a5 Nbd7 22.b4 Nf8
23.Rad1 Ne6 24.Qc1 Nh7 25.Qa1 Nhg5 26.Nh2 Nf4 27.h4 Nge6 28.Ne2 Nxe2+ 29.Rxe2 exd4
30.cxd4 h5 31.g3 c5 32.dxc5 Bxb2 33.Qxb2 dxc5 34.Rxd8 Rxd8 35.Nf3 cxb4 36.Qxb4 Qc5
37.Qxc5 Nxc5 38.Nd2 Kf8 39.e5 Bd5 40.Re3 Nb7 41.Ra3 b4 42.Ra1 Nc5 43.Rb1 Ba2
44.Rc1 Rxd2 45.Bxg6 fxg6 46.Rxc5 b3 47.e6 b2 48.Rc8+ Ke7 49.Rc7+ Kxe6 50.Rc6+ Rd6  0-1

[Event "Kiev Spring 2011"]
[Site "Kiev UKR"]
[Date "2011.03.22"]
[Round "5.16"]
[White "Nikitenko,M"]
[Black "Kabachienko,A"]
[Result "1/2-1/2"]
[WhiteElo "1979"]
[BlackElo "2107"]

1.e4 e5 2.Nf3 Nc6 3.Bb5 a6 4.Ba4 Nf6 5.O-O Be7 6.Re1 b5 7.Bb3 d6 8.c3 O-O
9.h3 Nb8 10.d4 Nbd7 11.Nbd2 Bb7 12.Bc2 Re8 13.Nf1 Bf8 14.Ng3 g6 15.Bg5 h6
16.Bd2 Bg7 17.Qc1 Kh7 18.h4 c5 19.d5 h5 20.Nf1 c4 21.b4 cxb3 22.axb3 Qc7
23.N1h2 a5 24.Bd1 Nc5 25.Ng5+ Kg8 26.Re3 Bh6 27.b4 axb4 28.Rxa8 Rxa8 29.cxb4 Na6
30.Qb1 Qd7 31.Rf3 Bg7 32.Qd3 Nc7 33.g4 hxg4 34.Rg3 Bc8 35.Kg2 Qe7 36.Qc2 Ra7
37.Rc3 Nfe8 38.Be3 Ra8 39.Nxg4 f5 40.Nh2 fxe4 41.Bb6 Nxd5 42.Rxc8 Rxc8 43.Qxc8 Nxb6
44.Qc6 Nd7 45.Bb3+ Kh8 46.Qxe4 Nf8 47.Nf7+ Kh7 48.Nf3 Bh6 49.N3g5+ Kg7 50.Qe3 Bxg5
51.Nxg5 Nf6 52.Qd2 N8h7 53.Nf7 d5 54.Ng5 Nxg5 55.hxg5 Ne4 56.Qe3 Qxg5+ 57.Qxg5 Nxg5
58.Bxd5 Nf7 59.Kg3 Nd6 60.f4 e4 61.Bc6 Kf7 62.Kf2 Kf6 63.Ke3 Kf5  1/2-1/2

[Event "TCh-CAT Div Hon"]
[Site "Barcelona ESP"]
[Date "2011.04.09"]
[Round "11"]
[White "Martin Gonzalez,An"]
[Black "Lopez Martinez,Josep"]
[Result "0-1"]
[WhiteElo "2354"]
[BlackElo "2528"]

1.e4 e5 2.Nf3 Nc6 3.Bb5 a6 4.Ba4 Nf6 5.O-O Be7 6.Re1 b5 7.Bb3 d6 8.c3 O-O
9.h3 Nb8 10.d4 Nbd7 11.Nbd2 Bb7 12.a4 c5 13.d5 c4 14.Bc2 Nc5 15.Nf1 Nfd7
16.Ng3 g6 17.Bh6 Re8 18.Ra3 Nb6 19.a5 Nbd7 20.Qd2 Bc8 21.Nh2 Rb8 22.Qe3 Bf8
23.Ng4 Nf6 24.Bxf8 Nxg4 25.hxg4 Rxf8 26.f3 Qh4 27.Kf2 f6 28.Raa1 Qg5 29.Nf1 Bd7
30.Qxg5 fxg5 31.Ne3 Kg7 32.Reb1 h5 33.gxh5 gxh5 34.Rh1 Rh8 35.Nf1 h4 36.Nd2 Rbf8
37.Ke3 g4 38.fxg4 Bxg4 39.Raf1 Rxf1 40.Nxf1 Bd7 41.Nd2 Bg4 42.Nf1 Kg6 43.Nh2 Kg5
44.Bd1 Bxd1 45.Rxd1 Rf8 46.Rh1 Rf4 47.Nf3+ Kh5 48.Nd2 Rg4 49.Kf3 Nd3 50.b3 Rg3+
51.Ke2 Rxg2+ 52.Ke3 Nf4 53.Rd1 Rg3+ 54.Kf2 Rd3 55.Ke1 h3 56.Nf1 Rxd1+ 57.Kxd1 Kg4
58.Ke1 Kf3  0-1

[Event "TCh-NED"]
[Site "Netherlands NED"]
[Date "2011.04.09"]
[Round "8.1"]
[White "Burg,T"]
[Black "Smeets,J"]
[Result "0-1"]
[WhiteElo "2455"]
[BlackElo "2669"]

1.e4 e5 2.Nf3 Nc6 3.Bb5 a6 4.Ba4 Nf6 5.O-O Be7 6.Re1 b5 7.Bb3 d6 8.c3 O-O
9.h3 Nb8 10.d4 Nbd7 11.Nbd2 Bb7 12.Bc2 c5 13.d5 c4 14.b3 Qc7 15.bxc4 bxc4
16.Qe2 Rfc8 17.Nf1 a5 18.Ba3 Nc5 19.Bxc5 Qxc5 20.Rab1 Ba6 21.Ba4 Bd8 22.Qc2 Bb6
23.Ne3 g6 24.Rb2 Ba7 25.Reb1 Rab8 26.g4 Qc7 27.Bb5 Bxb5 28.Rxb5 Bxe3 29.fxe3 h5
30.Rxb8 Rxb8 31.Rxb8+ Qxb8 32.gxh5 Nxh5 33.Nd2 Qc8 34.Kg2 Qd8 35.Nxc4 Qh4
36.Nxd6 Qg5+ 37.Kh2 Qxe3 38.Nc4 Qg3+ 39.Kh1 Nf4 40.Nxe5 Nxh3 41.Qg2 Qe1+
42.Kh2 Nf4 43.Qf3 Qh4+ 44.Kg1 Qg5+ 45.Ng4 f5 46.exf5 gxf5 47.d6 Qxg4+ 48.Qxg4+ fxg4  0-1

[Event "ch-BLR u20 Women"]
[Site "Minsk BLR"]
[Date "2011.04.17"]
[Round "4"]
[White "Revo,T"]
[Black "Stetsko,L"]
[Result "1/2-1/2"]
[WhiteElo "2038"]
[BlackElo "2154"]

1.e4 e5 2.Nf3 Nc6 3.Bb5 a6 4.Ba4 Nf6 5.O-O Be7 6.Re1 b5 7.Bb3 d6 8.h3 O-O
9.c3 Nb8 10.d4 Nbd7 11.Bc2 Bb7 12.Nbd2 Re8 13.Nf1 Bf8 14.Ng3 g6 15.a4 c5
16.b3 d5 17.Bg5 h6 18.Bxf6 Qxf6 19.dxc5 Nxc5 20.axb5 dxe4 21.Nxe4 Bxe4 22.Bxe4 Rad8
23.Qe2 axb5 24.Qxb5 Rb8 25.Qc6 Nxe4 26.Qxe4 Rxb3 27.c4 Bc5 28.Qd5 Qb6 29.Nxe5 Bxf2+
30.Kh1 Qe6 31.Qxe6 Rxe6 32.Rf1 Rxe5 33.Rxf2 Rb7 34.Ra6 Rc5 35.Rf4 Rbc7 36.Raf6 g5
37.Rd4 Kg7 38.Rdd6 Rxc4 39.Rxh6 Rf4 40.Rc6 Re7 41.Rhd6 Re2 42.Rd3 f6 43.Rcc3 Rff2
44.Rg3 Kg6 45.Rcf3 Rxf3 46.Rxf3 f5 47.Kh2 f4 48.h4 Kf5 49.hxg5 Kxg5  1/2-1/2

[Event "Doeberl Cup Premier"]
[Site "Canberra AUS"]
[Date "2011.04.21"]
[Round "2.13"]
[White "Zelesco,Karl"]
[Black "Wallis,C"]
[Result "1-0"]
[WhiteElo "1843"]
[BlackElo "2305"]

1.e4 e5 2.Nf3 Nc6 3.Bb5 a6 4.Ba4 Nf6 5.O-O Be7 6.Re1 b5 7.Bb3 O-O 8.h3 d6
9.c3 Nb8 10.d4 Nbd7 11.Nbd2 Bb7 12.Bc2 Re8 13.Nf1 Bf8 14.Ng3 g6 15.b3 Bg7
16.Bb2 d5 17.Nxe5 Nxe5 18.dxe5 Nxe4 19.Nxe4 dxe4 20.Bxe4 Bxe4 21.Rxe4 Rxe5
22.Rxe5 Qxd1+ 23.Rxd1 Bxe5 24.Rd3 b4 25.Kf1 a5 26.a4 Rb8 27.Ke2 Rb6 28.Kd2 Rc6
29.Kc2 Rc5 30.c4 Bxb2 31.Kxb2 Kg7 32.Kc2 Kf6 33.Kd2 Ke6 34.g4 h5 35.f4 hxg4
36.hxg4 f6 37.Ke3 g5 38.f5+ Ke7 39.Rd5 Rxd5 40.cxd5 Kd7 41.Kd3 Ke7 42.Kc4 Kd6
43.Kd4 c6 44.dxc6 Kxc6 45.Kc4 Kd6 46.Kb5 Kd5 47.Kxa5 Kc5 48.Ka6 Kd4 49.Kb5 Kc3
50.a5 Kxb3 51.a6 Kc3 52.a7 b3 53.a8=Q b2 54.Qa2 Kc2 55.Kc4 Kc1 56.Kc3 b1=Q
57.Qd2+  1-0

[Event "15th Neckar Open"]
[Site "Deizisau GER"]
[Date "2011.04.22"]
[Round "2"]
[White "Brodbeck,S"]
[Black "Baramidze,D"]
[Result "0-1"]
[WhiteElo "2227"]
[BlackElo "2554"]

1.e4 e5 2.Nf3 Nc6 3.Bb5 a6 4.Ba4 Nf6 5.O-O Be7 6.Re1 b5 7.Bb3 d6 8.c3 O-O
9.h3 Nb8 10.d4 Nbd7 11.Nbd2 Bb7 12.Bc2 Re8 13.Nf1 Bf8 14.Ng3 g6 15.Bg5 h6
16.Bd2 c5 17.d5 c4 18.Be3 Qc7 19.Qd2 Kh7 20.Nh2 Bg7 21.Ng4 h5 22.Nh2 Nc5
23.Nf3 Re7 24.Bg5 Ree8 25.Nh4 Bc8 26.b4 cxb3 27.axb3 Kg8 28.Rec1 Nh7 29.Be3 Rb8
30.Ra2 Rf8 31.Bh6 Bxh6 32.Qxh6 Qd8 33.Nf3 b4 34.Rb1 a5 35.Qd2 h4 36.Nf1 a4
37.bxa4 b3 38.Ra3 Bxh3 39.gxh3 bxc2 40.Rxb8 Qxb8 41.Qxc2 Qc8 42.Kh2 Nf6 43.N1d2 Kg7
44.Ne1 Nh5 45.Ng2 f5 46.exf5 Rxf5 47.f3 Rg5 48.Nf1 e4 49.c4 Qf5 50.Qb2+ Kh7
51.f4 Nxf4 52.Nxh4 Qf7 53.Ne3 Nfd3 54.Qe2 Qf4+ 55.Kh1 Nf2+  0-1

[Event "Technomont IM 2011"]
[Site "Frydek Mistek CZE"]
[Date "2011.04.23"]
[Round "6"]
[White "Pagerka,M"]
[Black "Sosovicka,J"]
[Result "1/2-1/2"]
[WhiteElo "2260"]
[BlackElo "2149"]

1.e4 e5 2.Nf3 Nc6 3.Bb5 a6 4.Ba4 Nf6 5.O-O Be7 6.Re1 b5 7.Bb3 d6 8.c3 O-O
9.h3 Nb8 10.a4 Bb7 11.d3 Nbd7 12.axb5 axb5 13.Rxa8 Bxa8 14.Nbd2 Re8 15.Nf1 Bf8
16.Be3 d5 17.Ng3 c5 18.Ba2 Qa5 19.Bb1 dxe4 20.dxe4 c4 21.Qe2 Nc5 22.Bxc5 Bxc5
23.Rd1 Qc7 24.Nf5 Bb7 25.Nh2 Rd8 26.Rxd8+ Qxd8 27.Nf1 g6 28.N5g3 Bc6 29.Nd2 Bb6
30.Bc2 Nd7 31.b3 cxb3 32.Nxb3 Nc5 33.Nxc5 Bxc5 34.Bb3 Qe7 35.Nf1 b4 36.cxb4 Bxb4
37.Qc4 Bc5 38.Nd2 Bd7 39.Qd5 Bd4 40.Nf3 Be6 41.Qa8+  1/2-1/2

[Event "ch-BLR u20 Women"]
[Site "Minsk BLR"]
[Date "2011.04.23"]
[Round "10"]
[White "Homiakova,El"]
[Black "Stetsko,L"]
[Result "1-0"]
[WhiteElo "2146"]
[BlackElo "2154"]

1.e4 e5 2.Nf3 Nc6 3.Bb5 a6 4.Ba4 Nf6 5.O-O Be7 6.Re1 b5 7.Bb3 d6 8.c3 O-O
9.h3 Nb8 10.d4 Nbd7 11.Nbd2 Bb7 12.Bc2 Re8 13.Nf1 Bf8 14.Ng3 g6 15.a4 c5
16.d5 c4 17.Bg5 h6 18.Be3 Qc7 19.Qd2 h5 20.Ra3 Nc5 21.Rea1 Be7 22.Bg5 Nh7
23.Bxe7 Qxe7 24.Qc1 Kg7 25.axb5 axb5 26.Rxa8 Rxa8 27.Rxa8 Bxa8 28.Qa1 Bb7
29.Qa5 Ba6 30.Qb6 Nf6 31.Nh4 Nfd7 32.Nhf5+ gxf5 33.Nxf5+ Kf6 34.Qc6 Qf8 35.Nxd6 Kg7
36.Bd1 f6 37.Bxh5 Kh7 38.Bg4 Qh6 39.g3 Qc1+ 40.Kg2 Qxb2 41.Bf5+ Kh6 42.Qa8  1-0

[Event "Doeberl Cup Premier"]
[Site "Canberra AUS"]
[Date "2011.04.24"]
[Round "8.9"]
[White "Wallis,C"]
[Black "Caoili,A"]
[Result "1/2-1/2"]
[WhiteElo "2305"]
[BlackElo "2247"]

1.e4 e5 2.Nf3 Nc6 3.Bb5 a6 4.Ba4 Nf6 5.O-O Be7 6.Re1 b5 7.Bb3 d6 8.c3 O-O
9.h3 Nb8 10.d4 Nbd7 11.Nbd2 Bb7 12.Bc2 Re8 13.Nf1 Bf8 14.Ng3 g6 15.b3 c6
16.Bg5 h6 17.Be3 Qc7 18.Qd2 Kh7 19.Nh2 Bg7 20.f4 c5 21.dxe5 dxe5 22.f5 c4
23.b4 Bc6 24.Ng4 Nxg4 25.hxg4 Nf6 26.Qe2 g5 27.a4 Qb7 28.a5 Rad8 29.Bb6 Rd7
30.Kf2 Kg8 31.Rad1 Rxd1 32.Rxd1 Nd7 33.Be3 Nf6 34.Bc5 Bf8 35.Bxf8 Kxf8 36.Kf3 Qc7
37.Qe3 Kg7 38.Qc5 Rc8 39.Qd6 Qxd6 40.Rxd6 Ne8 41.Nh5+ Kh7 42.Rd1 f6 43.Ng3 Kg7
44.Nf1 Kf7 45.Ne3 Rb8 46.Rd2 Rc8 47.Bd1 Ke7 48.g3 Nd6 49.Bc2 Rd8 50.Rd1 Rc8
51.Rd2 Rd8 52.Rd1 Rc8  1/2-1/2

[Event "Cez Cup GM 2011"]
[Site "Frydek Mistek CZE"]
[Date "2011.04.24"]
[Round "8"]
[White "Krejci,Jan2"]
[Black "Kriebel,T"]
[Result "0-1"]
[WhiteElo "2451"]
[BlackElo "2296"]

1.e4 e5 2.Nf3 Nc6 3.Bb5 a6 4.Ba4 Nf6 5.O-O Be7 6.Re1 b5 7.Bb3 d6 8.c3 O-O
9.h3 Nb8 10.d4 Nbd7 11.Nbd2 Bb7 12.Bc2 Re8 13.Nf1 Bf8 14.Ng3 g6 15.a4 c5
16.d5 c4 17.Bg5 h6 18.Be3 Nc5 19.Qd2 h5 20.Bg5 Be7 21.Bh6 Nfd7 22.Rf1 bxa4
23.Qe3 h4 24.Ne2 Rb8 25.Bxa4 Nxa4 26.Rxa4 Bc8 27.Rb1 a5 28.Bg5 Bxg5 29.Nxg5 Nc5
30.Ra2 f5 31.g3 hxg3 32.fxg3 Nxe4 33.Nxe4 fxe4 34.g4 Rf8 35.Qxe4 Qb6+ 36.Kh1 Kg7
37.Raa1 Qc5 38.Rg1 Rxb2 39.h4 Bb7 40.Rad1 Rxe2 41.Qxe2 Bxd5+ 42.Rxd5 Qxd5+
43.Rg2 Qd3 44.Qb2 Qh3+ 45.Kg1 Qxh4 46.Qb7+ Rf7 47.Qe4 Qd8 48.Qxc4 Qb6+ 49.Kh2 Rf8
50.Ra2 Rh8+ 51.Kg2 Qb7+ 52.Kg3 Rc8 53.Qd3 Qb3 54.Rc2 d5 55.Qe3 Qb8 56.Rh2 e4+
57.Kg2 Qb2+ 58.Kg1 Qb1+ 59.Kg2 Qc2+ 60.Kg1 Qd1+ 61.Kg2 Qxg4+  0-1

[Event "Victory Day GM"]
[Site "Moscow RUS"]
[Date "2011.05.06"]
[Round "7"]
[White "Reshetnikov,Al"]
[Black "Gorbatov,A"]
[Result "1/2-1/2"]
[WhiteElo "2487"]
[BlackElo "2396"]

1.e4 e5 2.Nf3 Nc6 3.Bb5 a6 4.Ba4 Nf6 5.O-O Be7 6.Re1 b5 7.Bb3 O-O 8.h3 d6
9.c3 Nb8 10.d4 Nbd7 11.Nbd2 Bb7 12.Bc2 Re8 13.Nf1 Bf8 14.Ng3 h6 15.a4 c6
16.b3 Qc7 17.Bb2 Rad8 18.Bd3 d5 19.dxe5 Nxe4 20.Nxe4 dxe4 21.Bxe4 Nxe5 22.Qc2 f5
23.Bxf5 Nxf3+ 24.gxf3 Qf4 25.Bh7+ Kh8 26.Rxe8 Rxe8 27.Qf5 Qd2 28.Qf7 Kxh7
29.Qxe8 Qxb2 30.Rf1 Bc5 31.Qe4+ g6 32.Qe5 Bf8 33.Qc7+ Bg7 34.Qxb7 bxa4 35.Rd1 a3
36.Rd7 Qxc3 37.Qxa6 Qxb3 38.Ra7 Qxf3 39.Qxa3 Qd1+ 40.Kh2 Qd4 41.Qe3 Qd6+
42.Qg3 Qd4 43.Rc7 c5 44.Kg2 c4 45.Qf3 c3 46.Rc6 h5 47.Qe3 Qd5+ 48.Qf3 Qd4
49.Rc7 Qe5  1/2-1/2

[Event "4th Marko Jaric Mem"]
[Site "Stari Mikanovci CRO"]
[Date "2011.05.14"]
[Round "6"]
[White "Rogic,D"]
[Black "Zaja,I"]
[Result "1-0"]
[WhiteElo "2581"]
[BlackElo "2485"]

1.e4 e5 2.Nf3 Nc6 3.Bb5 a6 4.Ba4 Nf6 5.O-O Be7 6.Re1 b5 7.Bb3 d6 8.c3 O-O
9.h3 Nb8 10.d4 Nbd7 11.Nbd2 Bb7 12.a4 Re8 13.dxe5 Nxe5 14.Nxe5 dxe5 15.Qf3 c5
16.Nf1 c4 17.Bc2 Bf8 18.Ng3 g6 19.axb5 axb5 20.Rxa8 Bxa8 21.b3 cxb3 22.Bxb3 Bg7
23.Rd1 Qb6 24.Qd3 h5 25.Bg5 Bf8 26.Bxf6 Qxf6 27.Qxb5 Bc6 28.Qc4 Kg7 29.Ra1 Rd8
30.Nf1 Rd7 31.Ra6 Rd6 32.Ba4 Bb7 33.Ra7 Rb6 34.Bb3 Be7 35.Ne3 Ba6 36.Qd5 Rd6
37.Qa5 Rd2 38.Rxe7 Qxf2+ 39.Kh1 Qxe3 40.Rxf7+ Kh6 41.Qxa6 Re2 42.Rf1 Qd2
43.Rg1 Rxg2 44.Rxg2 Qc1+ 45.Rg1 Qxc3 46.Qxg6+  1-0